| 000 | 00489nam a22001337a 4500 | ||
|---|---|---|---|
| 040 | _cNUST | ||
| 082 | _a220 PRO | ||
| 100 |
_aSyed Huzaifa Ahmad Hassan Raza Muhammad Ahsan Tariq Muhammad Humam Aquib _985558 |
||
| 110 |
_a Project Supervisor Dr Raja Amer Azim Dr Zafar Abbas Bangash _985559 |
||
| 245 | _aPR-SOF-2034-Design of Diamond Back Wing for the Purpose of Range Enhancement | ||
| 260 |
_aISLAMABAD: _bNUST COLLEGE OF EME, _c2021. |
||
| 650 |
_aDE-MECH-39 _985560 |
||
| 942 |
_2ddc _cPR |
||
| 999 |
_c587013 _d587013 |
||